The new economic model in Latin America and its impact on income distribution and poverty = El nuevo modelo económico en América Latina y su impacto sobre la distribución del ingreso y la pobreza /
Guardado en:
| Hovedforfatter: | |
|---|---|
| Format: | Ukendt |
| Sprog: | English |
| Udgivet: |
New York :
St. Martin's Press,
1996.
|
| Fag: | |
| Tags: |
Tilføj Tag
Ingen Tags, Vær først til at tagge denne postø!
|
MARC
| LEADER | 000000000a22000000004500 | ||
|---|---|---|---|
| 001 | 011325 | ||
| 020 | |a 0312160380 | ||
| 041 | 0 | |a eng | |
| 082 | 0 | 4 | |a 338.982 |b B934n |
| 100 | 1 | |a Bulmer-Thomas, Victor | |
| 245 | 1 | 4 | |a The new economic model in Latin America and its impact on income distribution and poverty = |b El nuevo modelo económico en América Latina y su impacto sobre la distribución del ingreso y la pobreza / |c Victor Bulmer-Thomas. |
| 246 | 3 | 1 | |a El nuevo modelo económico en América Latina y su impacto sobre la distribución del ingreso y la pobreza |
| 260 | 1 | |a New York : |b St. Martin's Press, |c 1996. | |
| 300 | |a xiii, 370 páginas : |b ilustraciones ; |c 23 cm. | ||
| 500 | |a Colección George Yúdice | ||
| 650 | 4 | |a DISTRIBUCION DEL INGRESO | |
| 650 | 4 | |a AMERICA LATINA | |
| 650 | 4 | |a CONGRESOS | |
| 650 | 4 | |a POBREZA | |
| 650 | 4 | |a POLITICA ECONOMICA | |
| 650 | 4 | |a CONDICIONES ECONOMICAS - 1982 | |
| 999 | |c 16622 |d 16622 | ||
| 942 | |c BK |h 338.982 B934n |2 z | ||



